| 000 | 01060nam a22002657i 4500 | ||
|---|---|---|---|
| 999 |
_c23403 _d23403 |
||
| 003 | AR-CdUCM | ||
| 008 | 250909b20232023 pe||||| |||| 00| 0 spa d | ||
| 040 |
_aMUNICIPALIDAD PROVINCIAL DEL CUSCO _cBIBLIOTECA MUNICIPAL DEL CUSCO |
||
| 041 | _hspa | ||
| 082 |
_a154.7 / M86 _bM86 |
||
| 100 |
_aMormontoy, Cesar _951553 |
||
| 245 |
_aManual de Hipnoterapia Imparable : _bDesbloquea tu poder interno y cambia tu vida / |
||
| 260 |
_aLima : _bAutor-Editor _c2023 |
||
| 300 |
_a224 páginas. : _c23x17 cm. |
||
| 505 | _aInduciendo hipnosis -- Cierre de ojos -- Inducción de experiencia -- Preguntas por la realidad -- Intensificadores de trance -- El ojo de tu madre -- terapia sugestiva -- Metáforas -- Aprendiendo a ser responsable | ||
| 650 |
_aHipnosis _915141 |
||
| 650 |
_aInducción fraccionada _951555 |
||
| 650 |
_aRespuesta ideomotora _951556 |
||
| 650 |
_aDejar de comerte las uñas _951557 |
||
| 650 |
_aEstrés _951558 |
||
| 650 |
_aEl dentista _951559 |
||
| 650 |
_aSueño profundo _951560 |
||
| 942 |
_2ddc _cLIBROS |
||
| 945 |
_apbjr _d9-09-2025 |
||